LEADER 01557nam a2200301 4500 001 000000348150 003 CaOOAMICUS 005 20211014081806.0 008 211013s2021 it a 000 u ita r 020 $a978-88-459-3608-1 040 $aSeMil$bita 100 1 $aRovelli, Carlo,$d<1956- >.$0(OLS)http://semarc/name/92046 240 10$aGeneral relativity.$0(OLS)http://semarc/title/437495 245 10$aRelatività generale :$buna semplice introduzione : idee, struttura concettuale, buchi neri, onde gravitazionali, cosmologia e cenni di gravità quantistica /$cCarlo Rovelli ; traduzione di Pietropaolo Frisoni. 264 1$aMilano :$bAdelphi,$c2021. 300 $a163 p. :$bill. ;$c24 cm 490 1 $aLezioni di scienza ;$v1 650 4$aTeoria della relatività.$0(OLS)http://semarc/subject/8146 650 4$aRelatività.$0(OLS)http://semarc/subject/14978 700 1 $aFrisoni, Pietropaolo.$0(OLS)http://semarc/name/114856 830 0$aLezioni di scienza ;$v1.$0(OLS)http://semarc/title/437488 850 $aSeMil 852 $aSeMil$W1$xVenegono$y1$m3X V 87$j229540$B239189$CSeMilBibl$Z2$F239189 $81 961 $aBrambilla don Paolo - Omaggio 996 $6020$a978-88-459-3608-1$9(OLS)http://semarc/number/294320 996 $6245$aRelatività generale :$buna semplice introduzione : idee, struttura concettuale, buchi neri, onde gravitazionali, cosmologia e cenni di gravità quantistica$9(OLS)http://semarc/title/437486 996 $6264$aMilano :$bAdelphi$9(OLS)http://semarc/publisher/30018 LEADER 01044nam a2200265 i 4500 001 000000207957 003 CaOOAMICUS 005 20111109000000.0 008 111109s1965 it u000 u ita u 013 $a186740 040 $aSeMil$bita 100 1 $aSilvestri, Mario.$0(OLS)http://semarc/name/26044 245 10$aIsonzo 1917 /$cMario Silvestri. 260 $aTorino :$bGiulio Einaudi,$ccopyr. 1965. 300 $aXVIII, 533 p., [54] p. di tav. + 10 c. geogr. ;$c22 cm. 490 0 $aSaggi ;$v358 500 $aContiene : Bibliografia. 650 4$aGuerra mondiale <1914-1918> - Italia.$0(OLS)http://semarc/subject/4096 650 4$aBattaglia di Caporetto <1917>.$0(OLS)http://semarc/subject/39037 830 0$aSaggi ;$v358.$0(OLS)http://semarc/title/341 850 $aSeMil 852 $aSeMil$W1$xVenegono$y1$m3U V 160$j158415$B158415$CSeMilBibl$Z2$F169612 $81 961 $aRecupero: Altro 996 $6245$aIsonzo 1917$9(OLS)http://semarc/title/300727 996 $6260$aTorino :$bGiulio Einaudi$9(OLS)http://semarc/publisher/29810